LIBRARY & INFORMATION CENTRE, KCAET, TAVANUR

ONLINE PUBLIC ACCESS CATALOGUE (OPAC)

The Chemistry and Technology of Cereals As Food And Feed (Record no. 14244)

MARC details
000 -LEADER
fixed length control field 00351nam a22001337a 4500
020 ## - INTERNATIONAL STANDARD BOOK NUMBER
ISBN 9789381714652
082 ## - DEWEY DECIMAL CLASSIFICATION NUMBER
Classification number 641.331
Item number MAT/CH
100 ## - MAIN ENTRY--AUTHOR NAME
Personal name Matz Samuel, A.
245 ## - TITLE STATEMENT
Title The Chemistry and Technology of Cereals As Food And Feed
250 ## - EDITION STATEMENT
Edition statement 2
260 ## - PUBLICATION, DISTRIBUTION, ETC. (IMPRINT)
Place of publication New Delhi
Name of publisher Scientific International Pvt. Ltd
Year of publication 2014
300 ## - PHYSICAL DESCRIPTION
Number of Pages 751
942 ## - ADDED ENTRY ELEMENTS (KOHA)
Koha item type Books
Holdings
Withdrawn status Lost status Damaged status Collection code Home library Current library Shelving location Date acquired Source of acquisition Cost, normal purchase price Full call number Accession Number Koha item type
        KAUAET KAUAET General Stacks 08/06/2016 Dream Tech, Trivandrum 1995.00 641.331 MAT/CH 24458 Books
        KAUAET KAUAET Scheme 30/08/2016 Dream Tech Publishers & Book Sellers, Thiruvanathapuram. 1995.00 641.331 MAT/CH BB 356 Book Bank scheme for SC students
free website counter